Taylor Swift's Stay Stay Stay Lyrics - Statistics

General Stats
  • This quiz has been taken 2,195 times
    1,995 since last reset
  • The average score is 226 of 259
Answer Stats
Answer % Correct
I
100%
Stay
99%
stay
99%
you
99%
You
99%
a
98%
we
98%
be
97%
for
96%
So
96%
I'm
95%
it
95%
me
95%
time
95%
been
94%
I've
94%
loving
94%
some
94%
that
94%
the
94%
when
94%
it's
93%
It's
93%
think
93%
and
92%
And
92%
if
92%
mad
92%
my
92%
My
92%
quite
92%
But
91%
but
91%
best
90%
both
89%
funny
89%
night
89%
at
88%
in
88%
last
88%
said
88%
to
88%
up
88%
across
87%
broke
87%
phone
87%
room
87%
almost
86%
talk
86%
threw
86%
should
85%
sure
85%
football
84%
let's
84%
pretty
84%
helmet
83%
no
83%
No
83%
on
83%
about
82%
fight
82%
leave
82%
love
82%
okay
82%
came
81%
Cause
81%
never
81%
wearing
81%
all
80%
All
80%
stayed
80%
out
79%
unresolved
79%
was
79%
Who
78%
with
78%
dramatic
77%
like
77%
Thats
77%
turn
77%
away
76%
just
76%
is
75%
took
75%
get
74%
expecting
73%
hang
73%
I'd
73%
I'll
73%
life
73%
one
73%
read
72%
have
71%
morning
71%
This
71%
whole
71%
always
70%
dreams
70%
hanging
70%
choice
69%
laughing
69%
now
69%
because
68%
else
68%
hopes
68%
memorize
68%
going
67%
carry
66%
fears
66%
groceries
66%
given
65%
their
65%
only
63%
problems
63%
didn't
62%
Before
61%
dated
61%
self
61%
takers
60%
times
60%
those
59%
occuring
56%
indulgent
55%
This song is so fun!
11%
No matching quizzes found
Score Distribution
Percent of People with Each Score
Percentile by Number Answered
Your Score History
You have not taken this quiz since the last reset